Joint ventures

Saved in:
Bibliographic Details
Main Author: Hošková, Adela
Format: Book
Language:Slovak
Published: Bratislava VÚNH VŠE 1991
Subjects:
Tags: Add Tag
No Tags, Be the first to tag this record!

MARC

LEADER 00000nam a2200000 4500
001 c003504
005 20260325073626.2
041 0 |a slo 
044 |a SK 
245 1 0 |a Joint ventures  |c Adela Hošková 
264 1 |a Bratislava  |b VÚNH VŠE  |c 1991 
300 |a 63 s. 
610 2 0 |a joint ventures 
610 2 0 |a podnik spoločný 
610 2 0 |a financovanie podnikov 
610 2 0 |a motivácia 
610 2 0 |a politika personálna 
610 2 0 |a výber pracovníkov 
610 2 0 |a zmluvy hospodárske 
610 2 0 |a legislatíva 
610 2 0 |a kapitál zahraničný 
610 2 0 |a politika colná 
610 2 0 |a politika daňová 
610 2 0 |a stimulovanie 
610 2 0 |a investície zahraničné 
100 1 |a Hošková, Adela